Normal view
MARC view
- Cañal de León, Pedro
Entry Nombre Personal
001 - NUMERO DE CONTROL
- campo de control: 33038
003 - IDENTIFICADOR DE NUMERO DE CONTROL
- campo de control: UPN
005 - FECHA Y HORA DE LA ÜLTIMA TRANSACCIÓN
- campo de control: 20210219194438.0
008 - DATOS DE LONGITUD FIJA
- campo de control de longitud fija: nabaccnnaabn|||||||||| b |nc|||||d
035 ## - NUMERO DE CONTROL
- Número de control: UPN11000005145
040 ## - FUENTE DE CATALOGACIÓN
- Lenguaje de catalogación: SPA
- Agencia de transcripción: UPN
100 1# - ENCABEZAMIENTO - NOMBRE PERSONAL
- Nombre personal: Cañal de León, Pedro
400 1# - VEÁSE - NOMBRE DE PERSONA
- Personal name: Cañal, Pedro
670 ## - FUENTE EN LA QUE SE LOCALIZARON DATOS
- Cita de la fuente: T
- Uniform Resource Identifier: http://www.waece.org/AMEIcongresocompetencias/biocanal.html
680 ## - NOTA PUBLICA DE ACCESO PÚBLICO
- Frase explicativa de la referencia: Licenciado en Ciencias Biológicas y Doctor en Filosofía y Ciencias de la Educación. Español
902 ## - CATALOGADOR
- Catalogador: CAA/230113
